Kvôli šetreniu brzda sporeniu vývoj stavebného sporenia v Česku môže predpovedať vývoj u nás

Zmeny v poskytovaní úverov zo stavebného sporenia a nové podmienky v českých stavebných sporiteľniach. Príčiny vývoja a zníženie atraktivity produktu zo strany vlády. Predajcovia stavebného sporenia. Možné alternatívy k stavebnému sporeniu.

Salvato in:
Dettagli Bibliografici
Autore principale: Škriniar, Pavel, 1979-
Natura: Capitolo di libro
Lingua:slovacco
Soggetti:
Tags: Aggiungi Tag
Nessun Tag, puoi essere il primo ad aggiungerne!!

MARC

LEADER 00000naa a2200000 4500
001 0143353
005 20240502072554.5
041 0 |a slo 
044 |a SK 
245 1 0 |a Kvôli šetreniu brzda sporeniu  |b vývoj stavebného sporenia v Česku môže predpovedať vývoj u nás  |c Pavel Škriniar 
520 |a Zmeny v poskytovaní úverov zo stavebného sporenia a nové podmienky v českých stavebných sporiteľniach. Príčiny vývoja a zníženie atraktivity produktu zo strany vlády. Predajcovia stavebného sporenia. Možné alternatívy k stavebnému sporeniu. 
610 2 0 |a Česko 
610 2 0 |a sporiteľne stavebné 
610 2 0 |a sporenie stavebné 
610 2 0 |a sporenie obyvateľstva 
610 2 0 |a pôžičky obyvateľstvu 
610 2 0 |a úver stavebný 
610 2 0 |a príspevky štátne 
610 2 0 |a prevod bankový 
610 2 0 |a politika bytová 
100 1 |a Škriniar, Pavel, 1979-